LEADER 01075nam0-22003611i-450- 001 990003992530403321 005 20090508123750.0 010 $a0-471-34846-5 035 $a000399253 035 $aFED01000399253 035 $a(Aleph)000399253FED01 035 $a000399253 100 $a20040121d2001----km-y0itay50------ba 101 0 $aeng 102 $aUS 105 $aa---a---001yy 200 1 $a<>introduction to probability and statistics$fVijay K. Rohatgi, A.K. Md. Ehsanes Saleh 205 $a2nd ed. 210 $aNew York$cWiley$d©2001 215 $aXIV,716 p.$cill.$d24 cm 225 1 $aWiley series in probability and statistics 610 0 $aProbabilità$aStatistica 610 0 $aStatistica matematica 676 $a519.2 700 1$aRohatgi,$bVijay K.$058637 701 1$aSaleh,$bA. K. Md. Ehsanes$0150888 801 0$aIT$bUNINA$gRICA$2UNIMARC 901 $aBK 912 $a990003992530403321 952 $a10 B II 753$bDIEL 3082$fDINEL 959 $aDINEL 996 $aIntroduction to probability and statistics$9474438 997 $aUNINA LEADER 00965nam0-2200289 --450 001 9910256954103321 005 20180219143701.0 010 $a978-88-495-3092-6 020 $aIT$b2016-6750 100 $a20180219d2015----kmuy0itay5050 ba 101 0 $aita 102 $aIT 105 $a 001yy 200 1 $a<>patti successorî e il divieto di disposizione della delazione$etra storia e funzioni$fVincenzo Barba 210 $aNapoli$cEdizioni scientifiche italiane$d2015 215 $a232 p.$d24 cm 225 1 $aQuaderni di Diritto delle successioni e della famiglia$v2 610 0 $aPatti successori$aLegislazione$aItalia 676 $a346.45054$v23$zita 700 1$aBarba,$bVincenzo$f<1975- >$0437306 801 0$aIT$bUNINA$gREICAT$2UNIMARC 901 $aBK 912 $a9910256954103321 952 $a18 A 201$bCP 382$fDDCP 959 $aDDCP 996 $aPatti successorî e il divieto di disposizione della delazione$91504340 997 $aUNINA LEADER 01270cam0-22003371i-450 001 990007067370403321 005 20240220171048.0 035 $a000706737 035 $aFED01000706737 035 $a(Aleph)000706737FED01 100 $a20020328g20002002km-y0itay50------ba 101 0 $aita 102 $aIT 105 $ay-------001yy 200 1 $aDamnum iniuria datum$etrattazione sulla responsabilità extracontrattuale nel diritto romano con particolare riguardo alla lex Aquilia de damno$fFrancesco M. de Robertis 210 $aBari$cCacucci$d2000-2002 215 $a2 v.$d25 cm 300 $aIl secondo volume ha come sottotitolo: la responsabilità extra-contrattuale nel diritto romano, con particolare riguardo alla lex Aquilia de damno 676 $a340.54$v23$zita 700 1$aDe Robertis,$bFrancesco M.$0187089 801 0$aIT$bUNINA$gRICA$2UNIMARC 901 $aBK 912 $a990007067370403321 952 $aFONDO PROFESSOR ANTONIO GUARINO IV E 40 (1)$bG/1681$fFGBC 952 $aFONDO PROFESSOR ANTONIO GUARINO IV E 40 (2)$bG/1680$fFGBC 952 $aDirez. D-050 (1)$b4571 ddr$fDDR$m21-2004 952 $aDirez. D-050 (2)$b7097 ddr$fDDR$m21-4081 959 $aDDR 959 $aFGBC 996 $aDamnum iniuria datum$9706266 997 $aUNINA